[Event "Parnu-A"]
[Site "Parnu"]
[Date "1996.??.??"]
[Round "1"]
[White "Sokolov, Ivan"]
[Black "Ehlvest, Jaan"]
[Result "1/2-1/2"]
[WhiteElo "2665"]
[BlackElo "2660"]

1.d4 Nf6 2.c4 e6 3.Nc3 Bb4 4.Qc2 O-O 5.a3 Bxc3+ 6.Qxc3 b6 7.Bg5 Bb7 8.e3 Re8
9.Nf3 d6 10.c5 bxc5 11.dxc5 Ba6 12.Bxf6 Qxf6 13.Qxf6 gxf6 14.cxd6 cxd6 15.Nd4 Bxf1
16.Rxf1 Rc8 17.Kd2 Nc6 18.Rfc1 Nxd4 19.Rxc8+ Rxc8 20.exd4 Rc4 21.Kd3 Rc8
22.f4 Kf8 23.b4 Ke7 24.b5 Kd7 25.a4 d5 26.a5 f5 27.Rb1 Rc4 28.b6 axb6 29.axb6 Rc8
30.Rb3 Kc6 31.Ke2  1/2-1/2

[Event "Parnu-A"]
[Site "Parnu"]
[Date "1996.??.??"]
[Round "2"]
[White "Hracek, Zbynek"]
[Black "Sokolov, Ivan"]
[Result "1-0"]
[WhiteElo "2650"]
[BlackElo "2665"]

1.e4 e5 2.Nf3 Nc6 3.Bb5 a6 4.Ba4 Nf6 5.O-O Be7 6.Re1 b5 7.Bb3 O-O 8.a4 b4
9.d3 d6 10.a5 Bg4 11.Nbd2 Nd4 12.Bc4 c6 13.h3 Nxf3+ 14.Nxf3 Bh5 15.g4 Bg6
16.Nh4 Ne8 17.Nf5 Bxf5 18.gxf5 Bg5 19.Bxg5 Qxg5+ 20.Qg4 Qh6 21.h4 Nc7 22.Qg5 Qf6
23.f4 Rfe8 24.Kf2 Kf8 25.Bb3 exf4 26.Qxf6 gxf6 27.Kf3 Ke7 28.Kxf4 Rg8 29.Rg1 Rab8
30.Ba4 Nb5 31.Ke3 Rxg1 32.Rxg1 c5 33.Rg7 Kf8 34.Rg2 h6 35.Rg1 Ke7 36.Rg2 Kf8
37.Rg3 Nd4 38.Rg1 Nb5 39.Rg2 Ke7 40.Bb3 Kf8 41.Rg1 Nd4 42.Ba4 Nb5 43.Rc1 Ke7
44.Ra1 Rb7 45.Rc1 Rb8 46.c3 bxc3 47.bxc3 Na7 48.d4 Rb2 49.dxc5 dxc5 50.Rd1 Nb5
51.Bxb5 Rxb5 52.Kd3 Rxa5 53.Kc4 h5 54.Kd5 Rb5 55.c4 Rb8 56.Kxc5 Rc8+ 57.Kb4 Rb8+
58.Ka5 Rc8 59.Kb4 Rb8+ 60.Ka5 Rc8 61.Rd4 Rc6 62.Kb4 Rb6+ 63.Kc5 Rb1 64.Kc6 Rb4
65.Rd7+ Ke8 66.c5 Rxe4 67.Rd3 Rxh4 68.Kb6 Rh1 69.c6 Rb1+ 70.Kxa6 Ra1+ 71.Kb7 Rb1+
72.Kc8 Rb5 73.c7 Rxf5 74.Re3+ Kf8 75.Kd7 Rc5 76.Re8+ Kg7 77.c8=Q Rxc8 78.Rxc8 Kg6
79.Kd6 Kf5 80.Kd5 h4 81.Rh8  1-0

[Event "Parnu-A"]
[Site "Parnu"]
[Date "1996.??.??"]
[Round "3"]
[White "Sokolov, Ivan"]
[Black "Short, Nigel D"]
[Result "1/2-1/2"]
[WhiteElo "2665"]
[BlackElo "2665"]

1.d4 Nf6 2.c4 e6 3.Nf3 Bb4+ 4.Nbd2 c5 5.a3 Bxd2+ 6.Bxd2 d6 7.dxc5 dxc5 8.Bc3 Qxd1+
9.Rxd1 b6 10.g3 Bb7 11.Bg2 Nbd7 12.O-O Ke7 13.Rd3 Be4 14.Rd2 Bc6 15.Rd3 Be4
16.Re3 Rac8 17.Bh3 h6 18.Nh4 Rhd8 19.Rd1 Kf8 20.f4 Bc2 21.Rc1 Bh7 22.f5 exf5
23.Nxf5 Bxf5 24.Bxf5 Re8 25.Rxe8+ Rxe8 26.Rd1 Ne5 27.b3 Neg4 28.Bxg4 Nxg4
29.h3  1/2-1/2

[Event "Parnu-A"]
[Site "Parnu"]
[Date "1996.??.??"]
[Round "3"]
[White "Ehlvest, Jaan"]
[Black "Hracek, Zbynek"]
[Result "1/2-1/2"]
[WhiteElo "2660"]
[BlackElo "2650"]

1.Nf3 Nf6 2.c4 e6 3.Nc3 Bb4 4.Qb3 c5 5.a3 Bxc3 6.Qxc3 b6 7.g3 Bb7 8.Bg2 d6
9.O-O O-O 10.b4 Nbd7 11.d3 e5 12.e4 Kh8 13.Nh4  1/2-1/2

[Event "Parnu-A"]
[Site "Parnu"]
[Date "1996.??.??"]
[Round "6"]
[White "Hracek, Zbynek"]
[Black "Oll, Lembit"]
[Result "1-0"]
[WhiteElo "2650"]
[BlackElo "2640"]

1.e4 c5 2.Nf3 d6 3.d4 Nf6 4.Nc3 cxd4 5.Nxd4 a6 6.Be3 e6 7.g4 h6 8.f4 Nc6
9.h3 Qc7 10.Qe2 Bd7 11.O-O-O b5 12.Bg2 b4 13.Nd5 exd5 14.exd5 Nxd4 15.Bxd4+ Be7
16.g5 Bb5 17.Qe3 Rc8 18.Rd2 hxg5 19.fxg5 Nd7 20.Bxg7 Rg8 21.Re1 Ne5 22.Bxe5 dxe5
23.h4 Bd6 24.Be4 a5 25.h5 a4 26.g6 fxg6 27.Bxg6+ Kd8 28.Bf5 Ra8 29.h6 b3
30.a3 Qc5 31.h7 Rh8 32.Qh6 Kc7 33.Kb1 Kb7 34.Rc1  1-0

[Event "Parnu-A"]
[Site "Parnu"]
[Date "1996.??.??"]
[Round "6"]
[White "Ehlvest, Jaan"]
[Black "Sokolov, Ivan"]
[Result "1/2-1/2"]
[WhiteElo "2660"]
[BlackElo "2665"]

1.e4 e5 2.Nf3 Nc6 3.Bb5 a6 4.Ba4 Nf6 5.O-O Be7 6.Re1 b5 7.Bb3 O-O 8.a4 b4
9.d4 d6 10.dxe5 Nxe5 11.Nbd2 Bb7 12.Nxe5 dxe5 13.Qe2 Bc5 14.Bc4 a5 15.Bd3 Qe7
16.Nb3 Bb6 17.Be3 Rfd8 18.Nd2 Nd7 19.Nb3 Nf8 20.Bc4 Bc6 21.Qh5 Rd6 22.c3 bxc3
23.bxc3 Qe8 24.Nc5 Rad8 25.g3 Rg6 26.Nd3 Nd7 27.Bxb6 cxb6 28.Bd5 Bxd5 29.exd5 Rd6
30.c4 f6 31.Qe2 Rc8 32.Rac1 Qg6 33.f4 Re8 34.fxe5 Nxe5 35.Nxe5 Rxe5 36.Qd2 Re4
37.Rxe4 Qxe4 38.Qf4 Qe2 39.Qxd6 Qe3+ 40.Kg2 Qe2+ 41.Kg1 Qe3+  1/2-1/2

[Event "Parnu-A"]
[Site "Parnu"]
[Date "1996.??.??"]
[Round "7"]
[White "Oll, Lembit"]
[Black "Short, Nigel D"]
[Result "1/2-1/2"]
[WhiteElo "2640"]
[BlackElo "2665"]

1.e4 e6 2.d4 d5 3.Nc3 Bb4 4.exd5 exd5 5.Bd3 c6 6.Ne2 Ne7 7.O-O Bf5 8.Ng3 Bxd3
9.Qxd3 O-O 10.Nce2 Na6 11.c3 Bd6 12.Bf4 Nc7 13.Rae1 Ne6  1/2-1/2

[Event "Parnu-A"]
[Site "Parnu"]
[Date "1996.??.??"]
[Round "8"]
[White "Hracek, Zbynek"]
[Black "Ehlvest, Jaan"]
[Result "0-1"]
[WhiteElo "2650"]
[BlackElo "2660"]

1.e4 e5 2.Nf3 Nc6 3.Bb5 a6 4.Ba4 Nf6 5.O-O Be7 6.Re1 b5 7.Bb3 d6 8.c3 O-O
9.h3 Nd7 10.d4 Bf6 11.a4 Bb7 12.Na3 Nb6 13.axb5 axb5 14.d5 Ne7 15.Nh2 Ng6
16.Ng4 Be7 17.Ne3 Bg5 18.Nf5 Ba6 19.Bxg5 Qxg5 20.Re3 Qf6 21.Rg3 Bc8 22.Nxb5 Rxa1
23.Qxa1 Bxf5 24.exf5 Nf4 25.Qd1 Qxf5 26.Nxc7 Qd7 27.Na6 Qb5 28.Nc7 Qd7 29.Na6 Qb5
30.Nc7 Qe2 31.Rf3 Rc8 32.g3 Nxh3+ 33.Kg2 Qxd1 34.Bxd1 Nxf2 35.Kxf2 Rxc7 36.Bb3 Rc5
37.Ke2 h5 38.Kd2 Kf8 39.Ba2 Ra5 40.Bb3 Nxd5  0-1

[Event "Parnu-A"]
[Site "Parnu"]
[Date "1996.??.??"]
[Round "8"]
[White "Short, Nigel D"]
[Black "Sokolov, Ivan"]
[Result "1/2-1/2"]
[WhiteElo "2665"]
[BlackElo "2665"]

1.e4 e5 2.Nf3 Nc6 3.Bb5 a6 4.Ba4 Nf6 5.O-O Be7 6.Re1 b5 7.Bb3 O-O 8.c3 d5
9.exd5 Nxd5 10.Nxe5 Nxe5 11.Rxe5 c6 12.Re1 Bd6 13.d3 Qh4 14.g3 Qh3 15.Re4 Qd7
16.Re1 Qh3 17.Re4  1/2-1/2

[Event "Parnu-A"]
[Site "Parnu"]
[Date "1996.??.??"]
[Round "10"]
[White "Sokolov, Ivan"]
[Black "Oll, Lembit"]
[Result "1-0"]
[WhiteElo "2665"]
[BlackElo "2640"]

1.d4 d5 2.Bg5 c5 3.e4 dxe4 4.d5 Nd7 5.Nc3 Ngf6 6.Qd2 g6 7.O-O-O Bg7 8.Bh6 Bxh6
9.Qxh6 a6 10.Nh3 Qc7 11.d6 exd6 12.Ng5 d5 13.Nxd5 Nxd5 14.Rxd5 Qf4+ 15.Kb1 Nf6
16.Rd8+ Kxd8 17.Nxf7+ Ke7 18.Qxf4 Kxf7 19.Bc4+ Kg7 20.Rd1 Bf5 21.Qc7+ Kh6
22.h3  1-0